| 000 | 00802cab a2200181 4500 | ||
|---|---|---|---|
| 001 | X84975 | ||
| 008 | 090401t1997 xxu||||| |||| 00| 0 eng d | ||
| 035 | _a(Sirsi) u79392 | ||
| 041 | _aeng | ||
| 245 | _aJack Brand Limited v Prior Associates Limited and another | ||
| 260 | _c1997 | ||
| 350 | _a0 | ||
| 490 |
_aConstruction Law Journal _v[1997] 13 Const.L.J. 271-275(5) |
||
| 520 | _aORB 6 January 1997. Practice and procedure - settlement - damages - costs - RSC Order 16, rule 10 - acceptance of third party contribution offer by defendant - order sought in terms of contribution offer - whether settlement in main action reasonable - whether main action ought to have been compromised at an earlier stage. | ||
| 690 | _aBUILDING AND CONSTRUCTION-CASE LAW | ||
| 942 | _n0 | ||
| 948 | _c02/07/1997 | ||
| 999 |
_c49901 _d49901 |
||